00335nam a2200145Ia 45000030006000000080041000060400015000471000018000622450032000802500006001122600038001183000006001565460010001620050017001720STCL150530s9999 xx 000 0 und d aSTCLcSTCL aThapasya Dube aAadhunik Bharath Ka Ithihas a1 bRajasthan Prakashan; Jaipurc2008 a0 aHindi20220125171259.0